| 000 | 00418cam a2200181ua 4500 | ||
|---|---|---|---|
| 020 | _c1.00 | ||
| 041 |
_ahin _h |
||
| 082 |
_a891.54 _bMYT/PA |
||
| 100 | _aMydhili Sharan, Gupta. | ||
| 245 |
_aPatravali / _cMydhilisharan gupt. _hTextual Documents |
||
| 250 |
_a1 / _b. |
||
| 260 |
_a : _bSahithya Sadan , _c1952. |
||
| 300 | _a32 ; . | ||
| 365 | _a1.00 | ||
| 504 | _a | ||
| 942 | _cBK | ||
| 999 |
_c8349 _d8349 |
||